000
00280nam a2200133Ia 4500
100
_a
Sodalamuthe
942
_c
BK
654
_a
Fitter.
245
_a
Fitter Guide (text) I
260
_b
Shri Uishnuram Printer.
_c
2001
082
_a
621.9024
300
_a
165
546
_a
ENGLISH
999
_c
23274
_d
23274